Zlepšovať a zdokonaľovať prácu Revolučného odborového hnutia

Bibliographic Details
Main Author: Kliment, Gustav, 1889-1953 (Author)
Other Authors: Filan, Ľudovít, 1925-2000 (Translator)
Format: Book
Language:Slovak
Czech
PhysicalDescription:82, [2] s. V. 8°
Published: Bratislava Práca 1953
Edition:1. vyd.
Subjects:

MARC

LEADER 00000nam a2200000 a 4500
001 vtls008378805
003 SK-MaSNL
005 20260301181812.0
008 181109s1953 xo slo
015 |a SKSNBA19451955-005342 
020 |q brož. 
035 |a SK01SNKBKSFS20010071022 
035 |a SKM000073485 
040 |a SNK  |b slo  |c SNK  |e AACR2 
041 1 |a slo  |h cze 
044 |a xo  |c SK 
080 |a 331.881  |2 1981 
100 1 |a Kliment, Gustav,  |d 1889-1953  |4 aut  |9 186375 
245 1 0 |a Zlepšovať a zdokonaľovať prácu Revolučného odborového hnutia  |c Gustav Kliment ; (z čes. pôv. prel. Ľudovít Fiľan) 
250 |a 1. vyd. 
260 |a Bratislava  |b Práca  |c 1953  |e Bratislava  |f Graf. tlač. 
300 |a 82, [2] s.  |c V. 8° 
563 |a 10.400 výtlač. 
650 0 7 |a odbory  |2 SNKPH  |9 2328 
655 7 |a príručky  |2 SNKPH  |9 74364 
700 1 |a Filan, Ľudovít,  |d 1925-2000  |4 trl  |9 38526 
852 |a Slovenská národná knižnica v Martine  |b 10000  |h MS SD 8352 
958 |a OND 
958 |a RK 
958 |a TL 
999 |c 851313  |d 853243 
952 |a SNK  |b SNK  |y VYP  |7 0  |p 17A1149581  |o snkSD 8352 D2  |i snkF 1950/63  |8 5  |0 0  |1 0  |4 0  |d 2016-01-25  |l 0  |r 2026-02-24 04:41:53  |w 2026-02-24 
952 |a SNK  |b SNK  |y VYP  |7 0  |p 17A1149582  |o snkSD 8352 D1  |i snkVI. 27/54  |0 0  |1 0  |4 0  |d 2016-01-22  |l 0  |r 2026-02-24 04:41:53  |w 2026-02-24